书目信息 |
| 题名: |
机电一体化技术应用
|
|
| 作者: | 禹春梅 主编 | |
| 分册: | ||
| 出版信息: | 北京 科学出版社 2010.09 |
|
| 页数: | 255页 | |
| 开本: | 26cm | |
| 丛书名: | ||
| 单 册: | ||
| 中图分类: | TH-39 | |
| 科图分类: | ||
| 主题词: | 机电一体化--技术学校--教材 , 机电一体化 | |
| 电子资源: | ||
| ISBN: | 978-7-03-028721-2 | |
| 000 | 00838nam0 2200253 450 | |
| 001 | 010010079367 | |
| 005 | 20170327082611.25 | |
| 010 | @a978-7-03-028721-2@dCNY27.00 | |
| 100 | @a20100930d2010 em y0chiy0110 ea | |
| 101 | 0 | @achi |
| 102 | @aCN@b110000 | |
| 105 | @aak z 000yy | |
| 106 | @ar | |
| 200 | 1 | @a机电一体化技术应用@9ji dian yi ti hua ji shu ying yong@f禹春梅主编 |
| 210 | @a北京@c科学出版社@d2010.09 | |
| 215 | @a255页@c图@d26cm | |
| 300 | @a示范性职业技术学院建设项目系列教材 | |
| 330 | @a本书主要内容包括:认识机电一体化技术;认识可编程序控制器; 气动技术基础;传感器检测技术;常用控制电机驱动技术;应用变频器等。 | |
| 606 | 0 | @a机电一体化@x技术学校@j教材 |
| 606 | 0 | @a机电一体化 |
| 690 | @aTH-39@v5 | |
| 701 | 0 | @a禹春梅@9yu chun mei@4主编 |
| 801 | 0 | @aCN@bRENTIAN@c20100930 |
| 905 | @b980738-41@dTH-39@e42@f4 | |
| 机电一体化技术应用/禹春梅主编.-北京:科学出版社,2010.09 |
| 255页:图;26cm |
| 示范性职业技术学院建设项目系列教材 |
| ISBN 978-7-03-028721-2:CNY27.00 |
| 本书主要内容包括:认识机电一体化技术;认识可编程序控制器; 气动技术基础;传感器检测技术;常用控制电机驱动技术;应用变频器等。 |
| ● |
| 相关链接 |
|
|
|
|
正题名:机电一体化技术应用
索取号:TH-39/42
 
预约/预借
| 序号 | 登录号 | 条形码 | 馆藏地/架位号 | 状态 | 备注 |
| 1 | 980738 | 209807388 | 第二样本阅览室/ [索取号:TH-39/42] | 在馆 | |
| 2 | 980739 | 209807397 | 密集书库-物理学院/ [索取号:TH-39/42] | 在馆 | |
| 3 | 980740 | 209807404 | 第三借阅区/ [索取号:TH-39/42] | 在馆 | |
| 4 | 980741 | 209807413 | 第三借阅区/ [索取号:TH-39/42] | 在馆 |